000 00848cam a2200229 4500
008 000000n2002 000 0 eng u
020 _a0117028606
035 _a(Sirsi) u117207
041 _aeng
050 _a346.41013
110 _aNational Disability Council
_92920
245 _aDisability Discrimination Act 1995 Code of Practice: rights of access, goods, facilities, services and premises
260 _aLondon
_bThe Stationery Office
_c2002
350 _a13.95
520 _aSUPERSEDES 1999 EDITION
650 _aMANAGEMENT-BUSINESS MANAGEMENT-DISCRIMINATION-DISABILITY DISCRIMINATION-ACCESSIBILITY
650 _aCODES OF PRACTICE
650 _aDISABILITY DISCRIMINATION ACT 1995
690 _aLAW-UK
856 _uhttps://www.drc-gb.org/law/codes.asp
_zCodes of practice on Disability Rights Commission web site
942 _n0
999 _c101954
_d101954